UEFA Europa League Finalisten - Statistiken

Allgemein
  • Dieses Quiz wurde 1.259 mal gespielt
    779 seit der letzten Aktualisierung
  • Das Durchschnittsergebnis liegt bei 35 aus 62
Antwortstatistiken
Teams % Korrekt
Manchester United
95%
Sevilla
94%
Eintracht Frankfurt
93%
FC Bayern München
91%
Inter Mailand
91%
Borussia Dortmund
90%
Chelsea
90%
Bayer 04 Leverkusen
88%
Real Madrid
87%
Liverpool
86%
Arsenal
85%
Hamburger SV
85%
Atalanta Bergamo
82%
Atlético Madrid
82%
AS Rom
80%
Tottenham Hotspur
80%
Ajax
79%
Marseille
79%
FC Schalke 04
77%
Rangers
77%
Werder Bremen
76%
Porto
74%
Celtic
73%
Juventus
73%
Benfica
72%
Feyenoord
68%
Lazio Rom
67%
Borussia Mönchengladbach
66%
PSV Eindhoven
66%
Sporting
66%
Villarreal
66%
Valencia
65%
VfB Stuttgart
61%
Galatasaray
60%
Neapel
56%
ZSKA Moskau
56%
1. FC Köln
53%
Roter Stern Belgrad
52%
Schachtar Donezk
51%
Zenit St. Petersburg
50%
Athletic Bilbao
46%
AC Florenz
42%
FC Brügge
42%
RSC Anderlecht
40%
Bordeaux
37%
Parma
36%
Salzburg
36%
Braga
31%
Espanyol
27%
Fulham
26%
IFK Göteborg
26%
FC Turin
24%
FK Dnipro
22%
AZ Alkmaar
19%
Ipswich Town
17%
Twente Enschede
16%
Deportivo Alavés
12%
Wolverhampton Wanderers
11%
Middlesbrough
10%
Dundee United
8%
Fehérvár FC
3%
SC Bastia
3%
Keine übereinstimmenden Quizze gefunden
Verteilung der Resultate
Anzahl Personen mit jedem Resultat
Perzentil nach korrekt beantworteten Fragen
Ihre Resultats-Entwicklung
Sie haben dieses Quiz seit der letzten Aktualisierung nicht gespielt